| 000 | 01002nam a22002537a 4500 | ||
|---|---|---|---|
| 005 | 20130527160430.0 | ||
| 010 | _aB-492661 | ||
| 020 |
_a9788177585414 _c750.00 |
||
| 035 | _aB-492661 | ||
| 035 | _aB-506558-559 | ||
| 037 | _bAllied Pub | ||
| 037 | _bKKP/Ven | ||
| 082 | _a547 | ||
| 100 | _aFinar, I. L. | ||
| 245 |
_aOrganic Chemistry : _cby I. L. Finar _bstereochemistry and the chemistry of natural products / |
||
| 250 | _a5th ed. | ||
| 260 |
_aNew Delhi _bDorling Kindersley(India) with Pearson Education _c2013 |
||
| 270 |
_a11, community centre, panchsheel Park _bNew Delhi |
||
| 300 |
_a956p _c25 cm (pb) |
||
| 500 | _aVol. -2 | ||
| 942 |
_2ddc _cEN _mFIN _h547 |
||
| 999 |
_c73957 _d73957 |
||